|
|
|
|
| LEADER |
01215nam a2200301 a 4500 |
| 001 |
6660 |
| 003 |
BD-DhAAL |
| 005 |
20150707094505.0 |
| 008 |
150707s1908 nyu j 000 0 eng |
| 010 |
|
|
|a 08029339
|
| 020 |
|
|
|a 0140366857
|
| 040 |
|
|
|a DLC
|b eng
|c DLC
|d SMU
|d KRTAS
|d CPA
|d MUU
|d OCLCO
|d WAU
|d BD-DhAAL
|
| 050 |
0 |
0 |
|a PZ10.3.G76
|
| 082 |
|
4 |
|a 823.91
|b G 12
|
| 100 |
1 |
|
|a Grahame, Kenneth,
|d 1859-1932.
|9 12898
|
| 245 |
1 |
4 |
|a The wind in the willows /
|c by Kenneth Grahame.
|
| 260 |
|
|
|a New York :
|a England :
|b Charles Scribner's Sons,
|b Puffin Classics,
|c 1994.
|
| 300 |
|
|
|a 302 p. ;
|c 20 cm.
|
| 500 |
|
|
|a Frontispiece by Graham Robertson.
|
| 520 |
|
|
|a The escapades of four animal friends who live along a river in the English countryside--Toad, Mole, Rat, and Badger.
|
| 530 |
|
|
|a Also issued online.
|
| 541 |
|
|
|e 6660
|
| 650 |
|
0 |
|a Animals
|x Folklore.
|9 6729
|
| 700 |
1 |
|
|a Robin Lawrie
|4 ill
|9 12899
|
| 710 |
2 |
|
|a David and Shiu-min Block Collection on William Nicholson.
|5 NNC
|9 12900
|
| 942 |
|
|
|2 ddc
|c BK
|
| 999 |
|
|
|c 34954
|d 34954
|
| 952 |
|
|
|0 0
|1 0
|2 ddc
|4 0
|6 823_910000000000000_G_12_GRA
|7 0
|9 54801
|a SCL
|b SCL
|c GEN
|d 2015-07-07
|g 200.00
|l 10
|m 70
|o 823.91 G 12 GRA
|p 3020006660
|r 2020-02-09
|s 2020-01-17
|t 1
|w 2015-07-07
|y BK
|